Statistiche per Elenca la formazione - Quiz n°59

Clicka qui per fare il quiz!

Statistiche generali

  • Questo quiz è stato fatto 19 volte
  • Il punteggio medio è 8 su 11

Statistiche sulle risposte

RuoloNazioneCalciatore% Corretto
PortiereSloveniaSamir Handanovič
100%
AttaccanteArgentinaMauro Icardi
95%
DifensoreBrasileMiranda
89%
AlaItaliaAntonio Candreva
84%
CentrocampistaPortogalloJoão Mário
84%
DifensoreItaliaDavide Santon
74%
CentrocampistaCileGary Medel
74%
AlaBrasile / ItaliaEder
68%
DifensoreItaliaDanilo D'Ambrosio
63%
TrequartistaArgentinaÉver Banega
58%
DifensoreColombiaJeison Murillo
58%

Distribuzione punteggi

Percentile per numero di risposta

Percentuale di utenti per punteggio

I tuoi punteggi nel tempo

Non hai fatto questo quiz